000 01262nam a2200325 i 4500
003 EG-GICUC
005 20260121101545.0
008 251229s1987 ua ||||frd||| 00| 0 ara d
017 _a9877693
040 _a EG-GICUC
_bara
_c EG-GICUC
_d EG-GICUC
_erda
041 _aara
082 0 4 _221
_a343.603
_bط ا . ع
092 0 4 _221
099 _aLaw1 REF 10 343.603 م ح . م 1987
100 0 _aمحمود أبو زيد
_eمؤلف.
245 1 2 _aالمعجم فى علم الإجرام والإجتماع القانونى والعقاب /
_cمحمود أبوزيد.
246 _aMondialisation de la crime :
_bla participation mondial les pratiques criminelis.
264 1 _aالقاهرة :
_bدار الكتاب للنشر والتوزيع،
_c1987.
300 _a616 صفحة ؛
_c24 سم.
336 _2rda content
_atext
337 _2rda media
_aComputer
338 _2rda carrier
_aOnline Resource
546 _aالنص موازٍ باللغتين العربية والإنجليزية
650 1 4 _aعلم الإجرام
_xالقانون الجنائي
650 1 4 _aعلم العقاب
650 1 4 _aعلم الاجتماع
856 4 0 _uhttps://fll.law.cu.edu.eg/fulltext/bks/B10-07159.pdf
905 _a75
942 _2ddc
_cREF
_e21
_n0
999 _c52995
_d52995